Economie et territoires
Αποθηκεύτηκε σε:
| Άλλοι συγγραφείς: | , , |
|---|---|
| Μορφή: | Βιβλίο |
| Γλώσσα: | French |
| Δημοσίευση: |
Paris :
La Documentation Francaise,
1997
|
| Σειρά: | Commissariat general du plan
|
| Θέματα: | |
| Ετικέτες: |
Προσθήκη ετικέτας
Δεν υπάρχουν, Καταχωρήστε ετικέτα πρώτοι!
|
MARC
| LEADER | 00000nam a2200000 i 4500 | ||
|---|---|---|---|
| 001 | 1/14807 | ||
| 008 | 980512s1997 fre d | ||
| 020 | |a 2-11-003783-0 | ||
| 035 | |l 10019565 | ||
| 040 | |a GR-MY-UA |b gre |e aacr | ||
| 041 | 0 | |a fre | |
| 082 | 0 | |a 337.0944 | |
| 245 | 1 | 0 | |a Economie et territoires / |c Rapport des groupes presides par Joel Bourdin; Jacques Boyon; Adrien Zeller |
| 260 | |a Paris : |b La Documentation Francaise, |c 1997 | ||
| 300 | |a 407 p. |b Fig. | ||
| 490 | 1 | |a Commissariat general du plan | |
| 500 | |a Includes cartographie | ||
| 650 | 0 | 0 | |a International economic relations. |
| 651 | 0 | |a France |x Economic conditions |y 20th century. | |
| 700 | 1 | |a Bourdin, Joel. |4 edt | |
| 700 | 1 | |a Boyon, Jacques. |4 edt | |
| 700 | 1 | |a Zeller, Adrien. |4 edt | |
| 830 | 0 | |a Commissariat general du plan | |
| 852 | |a INST |b LESVOS |e 19980512 |h 337.0944 ECO |p 005100016223 |q 005100016223 |t BK |y 0 | ||
| 901 | |a BIBL-1999-1 | ||
| 909 | |a Λ |b 056299 | ||
| 922 | |a 1ΕΛΗ |b 199805 |c ΚΠΣ/107 |d ΠΑΠΑΣΩΤΗΡΙΟΥ | ||
| 950 | |a 107-1998-03-04 | ||
| 970 | |z 2000/06/ΟΙΚΟΝΟΜΟΠΟΥΛΟΥ ΧΡΙΣΤΙΝΑ | ||